<?xml version="1.0" encoding="UTF-8"?>
<marc:record xmlns:marc="http://www.loc.gov/MARC21/slim">
   <marc:leader>00000nam a2200000 a 4500</marc:leader>
   <marc:datafield ind1="1" ind2=" " tag="100">
      <marc:subfield code="a">Christiansen, Heide</marc:subfield>
      <marc:subfield code="4">aut</marc:subfield>
      <marc:subfield code="e">Verfasser/-in</marc:subfield>
   </marc:datafield>
   <marc:datafield ind1=" " ind2=" " tag="653">
      <marc:subfield code="a">Kochbuch</marc:subfield>
   </marc:datafield>
   <marc:datafield ind1=" " ind2=" " tag="653">
      <marc:subfield code="a">Weihnachten</marc:subfield>
   </marc:datafield>
   <marc:datafield ind1=" " ind2=" " tag="653">
      <marc:subfield code="a">Royals</marc:subfield>
   </marc:datafield>
   <marc:datafield ind1=" " ind2=" " tag="653">
      <marc:subfield code="a">Dekoration</marc:subfield>
   </marc:datafield>
   <marc:datafield ind1=" " ind2=" " tag="653">
      <marc:subfield code="a">Essen</marc:subfield>
   </marc:datafield>
   <marc:datafield ind1=" " ind2=" " tag="653">
      <marc:subfield code="a">Rezepte</marc:subfield>
   </marc:datafield>
   <marc:datafield ind1=" " ind2=" " tag="653">
      <marc:subfield code="a">London</marc:subfield>
   </marc:datafield>
   <marc:datafield ind1=" " ind2=" " tag="653">
      <marc:subfield code="a">England</marc:subfield>
   </marc:datafield>
   <marc:datafield ind1=" " ind2=" " tag="653">
      <marc:subfield code="a">Herbst</marc:subfield>
   </marc:datafield>
   <marc:datafield ind1="0" ind2="0" tag="245">
      <marc:subfield code="a">British Christmas</marc:subfield>
   </marc:datafield>
   <marc:datafield ind1="0" ind2="0" tag="245">
      <marc:subfield code="b">Rezepte, Ideen und Geschichten</marc:subfield>
   </marc:datafield>
   <marc:datafield ind1="0" ind2="0" tag="245">
      <marc:subfield code="c">Christiansen, Heide</marc:subfield>
   </marc:datafield>
   <marc:datafield ind1=" " ind2="1" tag="264">
      <marc:subfield code="a">München</marc:subfield>
      <marc:subfield code="b">Callwey</marc:subfield>
   </marc:datafield>
   <marc:datafield ind1=" " ind2=" " tag="250">
      <marc:subfield code="a">2. Auflage</marc:subfield>
   </marc:datafield>
   <marc:datafield ind1="1" ind2=" " tag="520">
      <marc:subfield code="a">VON PUDDINGS BIS PULLING CRACKERS – DER GUIDE FÜR BRITISCHE WEIHNACHTEN&#xD;
&#xD;
Tauchen Sie ein die zauberhafte Welt von British Christmas – ein Fest der Farben, des Lichts und der Freude! Lassen Sie sich von den bunten Lichtern, üppig geschmückten Weihnachtsbäumen und fröhlichen Melodien in der eisig kalten Dezemberluft verzaubern. Erleben Sie die malerischen Landschaften und gemütlichen Cottages Englands, wo Herbstfarben auf Winterzauber treffen. Von traditionellen Harvest Festivals bis zu den funkelnden Lichtern Londons erlebt man in diesem Callwey Buch die Vielfalt britischer Traditionen. Entdecken Sie köstliche Rezepte, die in der prächtigen Halle von Highclere Castle oder in den königlichen Gemächern von Sandringham House serviert werden. Von festlichen Gänsebraten bis zu verlockenden Weihnachtspuddings – genießen Sie die kulinarische Vielfalt der britischen Weihnachtszeit. &#xD;
&#xD;
• Very british: authentische britische Rezepte rund um die Weihnachtszeit&#xD;
• Decorating like the Royals: Königliches Weihnachten in den eigenen vier Wänden&#xD;
• Von London bis Cotswolds – exklusive Geheimtipps für Weihnachten in England (Verlagstext)</marc:subfield>
   </marc:datafield>
   <marc:datafield ind1=" " ind2=" " tag="020">
      <marc:subfield code="a">9783766727442</marc:subfield>
      <marc:subfield code="9">9783766727442</marc:subfield>
   </marc:datafield>
   <marc:datafield ind1=" " ind2=" " tag="020">
      <marc:subfield code="a">3766727443</marc:subfield>
      <marc:subfield code="9">3766727443</marc:subfield>
   </marc:datafield>
   <marc:datafield ind1=" " ind2=" " tag="041">
      <marc:subfield code="a">ger</marc:subfield>
   </marc:datafield>
   <marc:datafield ind1=" " ind2=" " tag="300">
      <marc:subfield code="b">Illustrationen</marc:subfield>
   </marc:datafield>
   <marc:datafield ind1=" " ind2=" " tag="338">
      <marc:subfield code="a">Band</marc:subfield>
   </marc:datafield>
   <marc:datafield ind1=" " ind2=" " tag="300">
      <marc:subfield code="a">153 Seiten</marc:subfield>
   </marc:datafield>
</marc:record>
